书目信息 |
| 书名: | Eukaryotic microbes = | |
| 作者: | edited by Moselio Schaechter. | |
| 分册号: | ||
| 分册名: | 出版地: | 北京 : |
|
| 出版社: | 科学出版社 | |
| 出版时间: | 2012. | |
| 页数: | xv, 479 p. : | |
| 开本: | 29 cm. | |
| 丛书名: | ||
| 中图分类号: | ||
| 科图分类号: | ||
| 其他分类号: | Q93 | |
| 主题词: | ||
| 电子资源: | ||
| 000 | 01307nam a2200325 a 4500 | |
| 001 | E1459215796 | |
| 005 | 20140402162807.70 | |
| 008 | 120913r20122012cc a b 001 0 eng d | |
| 020 | @a9787030342935 :@cCNY150.00. | |
| 040 | @aPUL@cPUL | |
| 041 | 0 | @aeng@bchi@fchi |
| 050 | 4 | @aQR9@b.E85 |
| 082 | 04 | @a579 @2 23 |
| 093 | @aQ93-61 @2 4 | |
| 099 | @dQ93@ex6 | |
| 245 | 00 | @aEukaryotic microbes =@b真核微生物 / @cedited by Moselio Schaechter. |
| 246 | 31 | @a真核微生物 |
| 260 | @a北京 :@b科学出版社,@c2012. | |
| 300 | @axv, 479 p. :@bill. ;@c29 cm. | |
| 490 | 0 | @a微生物学百科全书精编 |
| 500 | @a"Material in the work originaly appeared in Encyclopedia of microbiology (Elseiver Inc., 2009), Current Opinon in Microbiology, Volume 13, Issue 4 (Elsevier Ltd 2010), Trends in Microbiology Volume 18, Issue 5 (Elsevier Ltd 2010), Trends in Biotechnology Volume 27, Issue 2 (Elsevier Ltd 2008)."--T.p. verso. | |
| 500 | @a"科爱传播.导读版"--Cover. | |
| 504 | @aIncludes bibliographical references and index. | |
| 534 | @pReprint. Originally published:@cAmsterdam : Elsevier/Academic Press, c2012.@z9780123838766 (alk. paper) | |
| 650 | 12 | @aEukaryota. |
| 650 | 0 | @aMicrobiology. |
| 650 | 0 | @a微生物学 |
| 700 | 1 | @aSchaechter, Moselio. |
| 730 | 0 | @aEncyclopedia of microbiology. |
| 920 | @a232010@z2 | |
| Eukaryotic microbes = : 真核微生物 / / edited by Moselio Schaechter.-北京 : : 科学出版社, , 2012. |
| xv, 479 p. : : ill. ; ; 29 cm.- (微生物学百科全书精编) |
| "Material in the work originaly appeared in Encyclopedia of microbiology (Elseiver Inc., 2009), Current Opinon in Microbiology, Volume 13, Issue 4 (Elsevier Ltd 2010), Trends in Microbiology Volume 18, Issue 5 (Elsevier Ltd 2010), Trends in Biotechnology Volume 27, Issue 2 (Elsevier Ltd 2008)."--T.p. verso.-"科爱传播.导读版"--Cover.-Includes bibliographical references and index. |
| ISBN 9787030342935 :CNY150.00. |
| ● |
| 相关链接 |
|
|
|
|
正题名:Eukaryotic microbes
索取号:Q93/x6
 
预约/预借
| 序号 | 登录号 | 条形码 | 馆藏地/架位号 | 状态 | 备注 |
| 1 | 0018025 | 300180257 | 第二样本阅览室/ [索取号:Q93/x6] | 在馆 | |
| 2 | 0018026 | 300180266 | 生命科学系资料室/ [索取号:Q93/x6] | 在馆 | |
| 3 | 0018027 | 300180275 | 第四借阅区/ [索取号:Q93/x6] | 在馆 |